| 000 | 00682nam a2200181 4500 | ||
|---|---|---|---|
| 008 | 070621s2002 ph 000 0 eng | ||
| 090 |
_aBS476 _bL62i |
||
| 100 | 1 | _aLim, Allen | |
| 245 | 1 | 0 |
_aInductive Bible study method {ch} [videorecording] / _cProfessor Allen Lim |
| 260 |
_a[Manila] : _bSong -in Hymnmaster Foundation Inc., _cc2002 |
||
| 300 |
_a4 videodiscs (VCD) : _bsd., col.; _c4 3/4 in. |
||
| 490 | 1 |
_aBible training series; _v10 |
|
| 500 | _aFor VCD and computer only | ||
| 650 | 4 |
_aBible _xStudy {ch} |
|
| 650 | 4 | _aHermeneutics {ch}% | |
| 951 |
_pV-2003 _oVT IVBS476/L62i _j070621114038625 _d2000-12-21 _cVT-VCD |
||
| 999 |
_c29448 _d29448 |
||